000 00467nam a22001337a 4500
003 OSt
005 20240401114226.0
008 240401b |||||||| |||| 00| 0 eng d
040 _cCentral Library MRSPTU
100 _aMarx Engels Lenin (ਮਾਰਕਸ ਏਂਗਲਜ਼ ਲੈਨਿਨ)
245 _aSutara Vapar da Sawal ( ਸੁਤੰਤਰ ਵਪਾਰ ਦਾ ਸਵਾਲ)
260 _aLudhiana
_bSaheed Bhagat Singh Yadgari Parkashan
_c2003
942 _2ddc
_cBK
_n0
999 _c9924
_d9924